000 00982cam a2200289 i 4500
003 EG-ScBUE
005 20260302094449.0
008 051102t2006 gw a frb 001 0 eng d
020 _a9783527313051
020 _a3527313052
040 _aStDuBDS
_beng
_erda
_cStDuBDS
_dUk
_dEG-ScBUE
_dEG-ScBUE
082 0 4 _a572.51
_bCON
_222
245 0 0 _aConcepts and models in bioinorganic chemistry /
_cedited by Heinz-Bernhard Kraatz and Nils Metzler-Nolte.
264 1 _aWeinheim :
_bWiley-VCH,
_c[2006]
264 4 _cc2006
300 _axxvi, 443 pages :
_billustrations ;
_c24 cm
336 _2rdacontent
_atext
_btxt
337 _aunmediated
_2rdamedia
_bn
338 _avolume
_bnc
_2rdacarrier
504 _aIncludes bibliographical references and index.
650 7 _aBioinorganic chemistry.
_2BUEsh
653 _bGGEN
_bENGCHE
_cNovember2017
655 _vReading book
700 1 _aKraatz, Heinz-Bernhard,
_eeditor.
700 1 _aMetzler-Nolte, Nils,
_eeditor.
942 _2ddc
_cBB
999 _c25645
_d25617